[Event "Hessen-ch Gr-D 64th"]
[Site "Bad Vilbel"]
[Date "2010.04.03"]
[Round "4"]
[White "Becker, Natalie"]
[Black "Noble, Daniel"]
[Result "1-0"]
[WhiteElo "1795"]
[BlackElo "1647"]
[PlyCount "91"]
[EventDate "2010.03.31"]
[EventType "swiss"]
[EventRounds "5"]
[EventCountry "GER"]
[SourceTitle "EXT 2011"]
[Source "ChessBase"]
[SourceDate "2010.11.26"]
[SourceVersion "1"]
[SourceVersionDate "2010.11.26"]
[SourceQuality "1"]

1. c4 e6 2. Nc3 f5 3. g3 d5 4. cxd5 exd5 5. d4 Nf6 6. Bg2 Be7 7. Nf3 0-0 8. 0-0 Be6 9. Ng5 Qd7 10. Nxe6 Qxe6 11. Qb3 c6 12. Qxb7 Nbd7 13. Bf4 Nb6 14. Qa6 Ne4 15. Nxe4 fxe4 16. Rac1 Qd7 17. b3 Rac8 18. Rc2 h6 19. Rfc1 Rf6 20. Be5 Rg6 21. e3 h5 22. h4 Rh6 23. Bf4 g5 24. hxg5 Rg6 25. Qf1 Qb7 26. Qe2 Bxg5 27. Qxh5 Qg7 28. Bxg5 Rxg5 29. Qe2 Qb7 30. Bh3 Rc7 31. Qd2 Nc8 32. Qc3 Nd6 33. Qc5 Nf5 34. Bxf5 Rxf5 35. Qd6 Rcf7 36. Qg6+ Kf8 37. Rxc6 Rxf2 38. Rc8+ Ke7 39. R1c7+ Qxc7 40. Rxc7+ Kf8 41. Rxf7+ Rxf7 42. Qd6+ Kg7 43. Qxd5 a5 44. Qxe4 a4 45. bxa4 Rc7 46. Qe5+ 1-0

[Event "Hessen-ch Gr-E"]
[Site "Idstein"]
[Date "2009.04.12"]
[Round "5"]
[White "Noble, Daniel"]
[Black "Aurin, Werner"]
[Result "1-0"]
[WhiteElo "1538"]
[BlackElo "1480"]
[PlyCount "88"]
[EventDate "2009.04.10"]
[EventType "swiss"]
[EventRounds "5"]
[EventCountry "GER"]
[SourceTitle "EXT 2010"]
[Source "ChessBase"]
[SourceDate "2010.11.25"]
[SourceVersion "1"]
[SourceVersionDate "2010.11.25"]
[SourceQuality "1"]

1. e4 d5 2. exd5 Qxd5 3. Nc3 Qa5 4. d4 c6 5. Bc4 Nf6 6. Bf4 Bf5 7. Nge2 e6 8. 0-0 Nbd7 9. Ng3 Bg6 10. Re1 0-0-0 11. Nce4 e5 12. Nxf6 exf4 13. Nxd7 fxg3 14. Nxf8 gxf2+ 15. Kxf2 Rhxf8 16. c3 Rd6 17. Kg1 c5 18. Qg4+ f5 19. Qf4 Rfd8 20. Be6+ Kb8 21. Bxf5 cxd4 22. Bxg6 hxg6 23. Re8 Qc7 24. Rxd8+ Rxd8 25. Qxc7+ Kxc7 26. cxd4 Rxd4 27. Rf1 Kc6 28. Rf7 Rd1+ 29. Kf2 Rd2+ 30. Kf3 Rxb2 31. Rxg7 Rxa2 32. Rxg6+ Kd5 33. h4 Ra3+ 34. Kf4 Ra4+ 35. Kg5 b5 36. h5 b4 37. Rg8 Ra3 38. g4 b3 39. h6 b2 40. Rb8 Ra2 41. h7 b1Q 42. Rxb1 Rh2 43. Kg6 Ke6 44. Rb8 Rg2 1-0

[Event "Hessen-ch Gr-E 62nd"]
[Site "Hanau"]
[Date "2008.03.22"]
[Round "4"]
[White "Neumann, Thomas"]
[Black "Noble, Daniel"]
[Result "0-1"]
[WhiteElo "1440"]
[BlackElo "1389"]
[PlyCount "72"]
[EventDate "2008.03.21"]
[EventType "swiss"]
[EventRounds "5"]
[EventCountry "GER"]
[SourceTitle "CBM 123 Extra"]
[Source "ChessBase"]
[SourceDate "2008.05.06"]
[SourceVersion "1"]
[SourceVersionDate "2008.05.06"]
[SourceQuality "1"]

1. Nf3 e6 2. d4 d5 3. g3 c5 4. c3 Nc6 5. Bg2 Qb6 6. 0-0 cxd4 7. cxd4 Nf6 8. e3 Be7 9. Nbd2 Bd7 10. a3 0-0 11. b4 Rfc8 12. Bb2 a5 13. Ne5 Be8 14. Nxc6 Rxc6 15. Rb1 axb4 16. axb4 Rc7 17. e4 Ba4 18. Qe2 Bb5 19. Qe1 Bxf1 20. Qxf1 Qxb4 21. Qd3 Ra2 22. Bc1 Rxc1+ 23. Rxc1 Qxd2 24. Rc8+ Bf8 25. Qxd2 Rxd2 26. exd5 exd5 27. Kf1 g6 28. Rb8 Rxd4 29. Rxb7 Rd2 30. Rb8 Kg7 31. Rb3 Bc5 32. Rf3 d4 33. Ke1 Bb4 34. Kf1 d3 35. Bh3 Rd1+ 36. Kg2 d2 0-1

[Event "Rhein Main op 10th"]
[Site "Bad Homburg"]
[Date "2007.06.09"]
[Round "6"]
[White "Noble, Daniel"]
[Black "Riha, Peter"]
[Result "0-1"]
[WhiteElo "1263"]
[BlackElo "1823"]
[PlyCount "40"]
[EventDate "2007.06.06"]
[EventType "swiss"]
[EventRounds "7"]
[EventCountry "GER"]
[SourceTitle "EXT 2008"]
[Source "ChessBase"]
[SourceDate "2007.11.25"]
[SourceVersion "1"]
[SourceVersionDate "2007.11.25"]
[SourceQuality "1"]

1. e4 e5 2. Bc4 Nf6 3. Nf3 Nxe4 4. Nc3 Nf6 5. Nxe5 d5 6. Qe2 Be6 7. Bb3 Nbd7 8. d4 c5 9. Bg5 Be7 10. dxc5 0-0 11. 0-0-0 Nxc5 12. Bxd5 Nxd5 13. Bxe7 Nxc3 14. bxc3 Qxe7 15. Rhe1 Na4 16. Rd3 Rac8 17. Qd2 Qa3+ 18. Kd1 Nb2+ 19. Ke2 Nxd3 20. cxd3 Qxc3 0-1

[Event "Rhein Main op 10th"]
[Site "Bad Homburg"]
[Date "2007.06.07"]
[Round "2"]
[White "Noble, Daniel"]
[Black "Rondio, Thomas"]
[Result "1/2-1/2"]
[WhiteElo "1263"]
[BlackElo "1689"]
[PlyCount "69"]
[EventDate "2007.06.06"]
[EventType "swiss"]
[EventRounds "7"]
[EventCountry "GER"]
[SourceTitle "EXT 2008"]
[Source "ChessBase"]
[SourceDate "2007.11.25"]
[SourceVersion "1"]
[SourceVersionDate "2007.11.25"]
[SourceQuality "1"]

1. e4 e5 2. Bc4 Nf6 3. Nf3 Nc6 4. Ng5 d5 5. exd5 Na5 6. Bb5+ c6 7. dxc6 bxc6 8. Be2 h6 9. Nf3 e4 10. Ne5 Bc5 11. c3 Qd6 12. d4 exd3 13. Nxd3 Nb7 14. Bf4 Qe6 15. Nxc5 Nxc5 16. Qd6 Nd5 17. Qxe6+ Nxe6 18. Be5 0-0 19. 0-0 Re8 20. Re1 Nc5 21. b4 Rxe5 22. bxc5 Ba6 23. c4 Bxc4 24. Nc3 Rae8 25. Kf1 Bxe2+ 26. Nxe2 Nb4 27. Nd4 Kf8 28. a3 Rxe1+ 29. Rxe1 Rxe1+ 30. Kxe1 Nd3+ 31. Kd2 Nxc5 32. Nxc6 a6 33. Ke3 Ke8 34. Nb4 Kd7 35. Kd4 1/2-1/2